| 000 | 01734nam a22004457a 4500 | ||
|---|---|---|---|
| 003 | OSt | ||
| 005 | 20230424102106.0 | ||
| 008 | 221006b |||||||| |||| 00| 0 eng d | ||
| 040 | _cBiblioteca Lado V | ||
| 082 |
_a700 _bF272d |
||
| 100 |
_9813 _aFavaron, Pedro _eeditor |
||
| 245 |
_aDistancia Critica/ _bAportes hacia una nueva conciencia social/ |
||
| 260 |
_bRealidad Visual _c2005 _aPeru _aMexico _aCanada |
||
| 300 |
_c21x30cm _a44p. |
||
| 490 |
_v2005 _v2 _x2004-3209 _a5 |
||
| 505 | _tAsociacion Libre | ||
| 505 | _tEl Estado: Perspectiva General | ||
| 505 | _tUna Experiencia Autogestionaria en Italia | ||
| 505 | _tPeriferias y futuro: Lima Frente al espejo | ||
| 505 | _tParticipación, domingo y mercado | ||
| 505 | _tEcología y Anarquismo | ||
| 505 | _tConsumismo, medios y política | ||
| 505 | _tLa formacion de los intelectuales | ||
| 505 | _tEl discurso totalitario de sendero luminoso | ||
| 505 | _tEntrevista a Leoncio Bueno | ||
| 505 | _tLa pedagogía de Francisco Ferrer Guardia | ||
| 505 | _tLiteratura y Sociedad | ||
| 505 | _tConferencia sobre algo | ||
| 505 | _tEl mundo según google | ||
| 650 |
_2Tesauro de Arte & Arquitectura _aCONCIENCIA SOCIAL _9703 |
||
| 650 |
_2Tesauro de Arte & Arquitectura _aHISTORIA |
||
| 650 |
_2Tesauro de Arte & Arquitectura _aARTE COSTARRICENSE |
||
| 650 |
_2Tesauro de Arte & Arquitectura _aCULTURA |
||
| 650 |
_2Tesauro de Arte & Arquitectura _aARTE LATINOAMERICANO |
||
| 650 |
_2Tesauro de Arte & Arquitectura _aTEORIA |
||
| 650 |
_2Tesauro de Arte & Arquitectura _aLITERATURA |
||
| 650 |
_2Tesauro de Arte & Arquitectura _aCRITICA |
||
| 650 |
_2Tesauro de Arte & Arquitectura _aTEATRO |
||
| 942 |
_2ddc _c1 _h700 _iF272d _n0 |
||
| 999 |
_c3456 _d3456 |
||